| 000 | 01088 a2200241 4500 | ||
|---|---|---|---|
| 003 | Nust | ||
| 005 | 20221116155300.0 | ||
| 010 | _a 2003060811 | ||
| 020 | _a9788184893182 | ||
| 040 | _cNust | ||
| 082 | 0 | 0 | _a621.366,NUM |
| 100 | 1 |
_aNumai, Takahiro. _9102723 |
|
| 245 | 1 | 0 |
_aFundamentals of semiconductor lasers / _cTakahiro Numai. |
| 260 |
_aNew York : _bSpringer, _cc2004. |
||
| 300 | _axii, 259 p. cm. | ||
| 490 | 1 |
_aSpringer series in optical sciences ; _v93 |
|
| 505 | _aBand Structures (Page-1), Optical Transitions (Page-25), Optical Waveguides (Page-43), Optical Resonators (Page-57), Fundamentals of Semiconductor Lasers (Page-83), Dynamic Single-Mode LDs (Page-167), Quantum Well LDs (Page-179), Control of Spontaneous Emission (Page-203). | ||
| 650 | 0 | _aTelecommunication Engineering | |
| 830 | 0 |
_aSpringer series in optical sciences ; _998141 |
|
| 856 | 4 | 2 |
_3Publisher description _uhttp://www.loc.gov/catdir/enhancements/fy0818/2003060811-d.html |
| 856 | 4 | 2 |
_3Table of contents only _uhttp://www.loc.gov/catdir/enhancements/fy0818/2003060811-t.html |
| 942 |
_2ddc _cBK |
||
| 999 |
_c189271 _d189271 |
||